| 000 | 01129nam a22002657a 4500 | ||
|---|---|---|---|
| 001 | BD-DhSAU 8797 | ||
| 003 | BD-DhSAU | ||
| 005 | 20181212115453.0 | ||
| 008 | 150613b2013 bg a|||| m||| 00| 0 eng d | ||
| 040 | _aBD-DhSAU | ||
| 082 |
_222 _a595.7 _bSa748 |
||
| 100 |
_aSarowar, Ghulam _eRegistration # 05-01671 |
||
| 245 |
_aEffects of different aged seedlings and transplanting dates on the growth, yield and nutrient contents of late aman rice cultivars / _bMS thesis _cGhulam Sarowar |
||
| 260 |
_aSher-e-Bangla Agricultural University : _bDepartment of Agricultural Chemistry, _c2013. |
||
| 300 |
_a 66 p. : _bill. ; _c29 cm. |
||
| 500 | _aMS thesis of Department of Agricultural Chemistry, Faculty of Agriculture, Sher-e-Bangla Agricultural University, Dhaka, Bangladesh | ||
| 504 | _aIncludes bibliographical reference. | ||
| 590 | _aJerin | ||
| 650 | _aAgricultural Chemistry | ||
| 650 | _aRice | ||
| 700 |
_aRazzaque, Md. Abdur _eSuperviser |
||
| 700 |
_aZamil, Sheikh Shawkat _eCo-superviser |
||
| 856 | _uhttp://archive.saulibrary.edu.bd:8080/xmlui/handle/123456789/1978 | ||
| 942 |
_2ddc _cTHESIS |
||
| 999 |
_c8797 _d8797 |
||